Państwa bloku wschodniego w Europie - Statystyki

Ogólne statystyki
  • Ten quiz został rozwiązany 104 razy
  • Średni wynik to 8 z 8
Statystyki odpowiedzi
Obrazkowy Odpowiedź % Poprawnych
Polska
100%
Związek Radziecki
100%
Albania
99%
Czechosłowacja
97%
Rumunia
96%
Węgry
96%
Bułgaria
91%
Niemiecka Republika Demokratyczna
90%
Nie znaleziono quizów pasujących do podanych kryteriów
Rozkład punktacji
Procent ludzi z każdym wynikiem
Percentyl według liczby udzielonych odpowiedzi
Twoja historia wyników
Nie rozwiązałeś tego quizu